000 nam a22 a 4500
999 _c2889
_d2889
003 AKMAL
005 20170518145834.0
008 170518s1991 my a00 may d
020 _a9836219293 (kkt):
_cRM 35.00
040 _aAKMAL
_cAKMAL
041 1 _amay
_heng
049 _amal
082 0 4 _a658 KOO
090 _a658
_bKOO
090 _a658
_bKOO
100 1 _aKoontz, Harold,
_d1908-
_96053
245 1 _aPengurusan /
_cHarold Koontz, Heinz Wiehrich ; Mohd. Salmi Mohd Sohod, Siti Nadzrah Sheikh Omar
260 _aKuala Lumpur :
_bDewan Bahasa dan Pustaka ,
_c1990
300 _axxxi, 703ms. :
_bil. ;
_c25cm
500 _aMengandungi index
500 _aTerjemahan dari: Management. 9th ed.
504 _aMengandungi rujukan bibliografi
650 _aManagement
_91462
700 1 _aWiehrich, Heinz
_96072
700 0 _aMohd. Salmi Mohd. Sohod
_96073
700 0 _aSiti Nadzrah Sheikh Omar
_96074
942 _2ddc
_cBOOK